Sistema político, participación y ciudadanías en la Cuarta Transformación /

Contiene: Vicisitudes de los partidos políticos y el sistema de partidos en México de la época neoliberal; Populismo y crisis de la democracia representativa en México; Son los pacos, los jueces, el Estado, el presidente: inclusión por género sin gabinete paritario en el gobierno de México; La Alian...

Mô tả đầy đủ

Đã lưu trong:
Chi tiết về thư mục
Tác giả chính: Reyes del Campillo, Juan (coordinación)
Tác giả khác: Toscana Aparicio, Alejandra (coordinación) (coordinación)
Định dạng: Sách
Ngôn ngữ:Tiếng Tây Ban Nha
Được phát hành: México : UAM Xochimilco, División de Ciencias Sociales y Humanidades, Departamento de Política y Cultura, 2022, c2022
Những chủ đề:
Các nhãn: Thêm thẻ
Không có thẻ, Là người đầu tiên thẻ bản ghi này!

MARC

LEADER 00000nam^a2200000^a^4500
001 000577919
005 20250521000000.0
009 20260310132458.204
020 |a 978-607-28-2732-5 
037 |a Acervo ITESO - Biblioteca 
041 |a ESP 
082 |a 320. 9720714  |b REY 
100 |a Reyes del Campillo, Juan  |e (coordinación) 
245 1 0 |a Sistema político, participación y ciudadanías en la Cuarta Transformación /  |c Coord. de J. Reyes del Campillo, A. Toscana Aparicio. 
264 4 |a México :  |b UAM Xochimilco, División de Ciencias Sociales y Humanidades, Departamento de Política y Cultura,  |c 2022, c2022 
300 |a 262 p. 
336 |a texto  |b txt  |2 rdacontenido 
337 |a sin mediación  |b n  |2 rdamedio 
338 |a volumen  |b nc  |2 rdasoporte 
520 |a Contiene: Vicisitudes de los partidos políticos y el sistema de partidos en México de la época neoliberal; Populismo y crisis de la democracia representativa en México; Son los pacos, los jueces, el Estado, el presidente: inclusión por género sin gabinete paritario en el gobierno de México; La Alianza Federalista en tiempos de coronavirus; Elecciones, encuestas y participación ciudadana 2015-2018; Ciudadanía cultural en México: desigualdades y retos a futuro; Tensiones en el ejercicio de los derechos de los pueblos originarios de la Ciudad de México y el Istmo de Tehuantepec; Ciudadanías urbanas deficitarias: acceso restringido a la vivienda en la Ciudad de México; Reflexiones en torno a la ciudadanía de las mujeres en México. 
521 |a FIL 2023 DIA 
649 |a XX 
650 |a Movimiento de Regeneración Nacional -  |z México -  |x Tema Principal 
650 |a Partidos Políticos -  |z México 
650 |a Participación Política -  |z México -  |x Tema Principal 
650 |a Democracia -  |z México -  |x Tema Principal 
650 |a Política de Género -  |z México 
650 |a Política Social -  |z México 
650 |a Política -  |z México -  |x Historia -  |y 2018-2024 
650 |a Política -  |z México -  |x Historia -  |y Siglo XXI 
650 |a México -  |x Historia -  |y 2018-2024 
650 |a México -  |x Historia -  |y Siglo XXI 
650 |a México -  |x Condiciones Políticas 
700 |a Toscana Aparicio, Alejandra  |e (coordinación) 
910 |a Fondo General 
920 |a Impresos - Libros 
930 |a Colección General 
905 |a 101 
901 |a 0500403350  |b IT1  |c ACC  |i C184299  |u 20250521 
902 |a https://opac.biblio.iteso.mx/vufind/Record/000577919